Colourful Countries of the World - Statistics

General Stats
  • This quiz has been taken 60,031 times
  • The average score is 155 of 196
Answers on the Map
Answers color-coded by a green-red scale on the quiz's map according to % correct below.
 
Answer Stats
Country % Correct
United States
97%
Canada
96%
Russia
95%
Mexico
94%
Brazil
93%
China
93%
United Kingdom
93%
France
92%
Australia
91%
India
91%
Spain
91%
Argentina
90%
Chile
90%
Denmark
90%
Germany
90%
Italy
90%
Japan
90%
Sweden
90%
Finland
89%
Iceland
89%
Ireland
89%
Norway
89%
Portugal
89%
Egypt
88%
Poland
88%
South Africa
88%
Ukraine
88%
Colombia
87%
Iran
87%
Mongolia
87%
New Zealand
87%
North Korea
87%
Peru
87%
South Korea
87%
Turkey
87%
Cuba
86%
Greece
86%
Indonesia
86%
Iraq
86%
Kazakhstan
86%
Madagascar
86%
Saudi Arabia
86%
Uruguay
86%
Belgium
85%
Bolivia
85%
Netherlands
85%
Niger
85%
Pakistan
85%
Paraguay
85%
Switzerland
85%
Venezuela
85%
Afghanistan
84%
Algeria
84%
Austria
84%
Democratic Republic of the Congo
84%
Morocco
84%
Panama
84%
Thailand
84%
Vietnam
84%
Nigeria
83%
Oman
83%
Romania
83%
Sudan
83%
Yemen
83%
Belarus
82%
Croatia
82%
Czech Republic
82%
Dominican Republic
82%
Ecuador
82%
Estonia
82%
Hungary
82%
Israel
82%
Latvia
82%
Libya
82%
Lithuania
82%
Nepal
82%
Philippines
82%
Albania
81%
Chad
81%
Haiti
81%
Laos
81%
Papua New Guinea
81%
Republic of the Congo
81%
Slovakia
81%
United Arab Emirates
81%
Ethiopia
80%
Jamaica
80%
Luxembourg
80%
Slovenia
80%
Somalia
80%
South Sudan
80%
Uzbekistan
80%
Bangladesh
79%
Bosnia and Herzegovina
79%
Bulgaria
79%
Cambodia
79%
Honduras
79%
Jordan
79%
Kenya
79%
Malaysia
79%
Serbia
79%
Sri Lanka
79%
Syria
79%
Turkmenistan
79%
Vatican City
79%
Andorra
78%
Bahamas
78%
Costa Rica
78%
Cyprus
78%
Dominica
78%
Guatemala
78%
Guyana
78%
Mali
78%
Myanmar
78%
North Macedonia
78%
Qatar
78%
Suriname
78%
Tunisia
78%
Zimbabwe
78%
El Salvador
77%
Georgia
77%
Malta
77%
Nicaragua
77%
Taiwan
77%
Zambia
77%
Angola
76%
Armenia
76%
Azerbaijan
76%
Belize
76%
Bhutan
76%
Ghana
76%
Kosovo
76%
Liechtenstein
76%
Central African Republic
75%
Fiji
75%
Kyrgyzstan
75%
Lesotho
75%
Moldova
75%
Monaco
75%
Tajikistan
75%
Botswana
74%
Guinea
74%
Ivory Coast
74%
Lebanon
74%
Montenegro
74%
Mozambique
74%
Namibia
74%
San Marino
74%
Tanzania
74%
Kuwait
73%
Senegal
73%
Togo
73%
Uganda
73%
Cameroon
72%
Eritrea
72%
Mauritania
72%
Rwanda
72%
Eswatini
71%
Liberia
71%
Maldives
71%
Singapore
71%
Bahrain
70%
Barbados
70%
Benin
70%
Djibouti
70%
Federated States of Micronesia
70%
Seychelles
70%
Gambia
69%
Malawi
69%
Trinidad and Tobago
69%
Cape Verde
68%
Equatorial Guinea
68%
Gabon
68%
Marshall Islands
68%
Mauritius
68%
Saint Kitts and Nevis
68%
Saint Lucia
68%
Solomon Islands
68%
Antigua and Barbuda
67%
Brunei
67%
Burkina Faso
67%
East Timor
67%
Guinea-Bissau
67%
Kiribati
67%
Samoa
67%
Tonga
67%
Tuvalu
67%
Vanuatu
67%
Burundi
66%
Palau
66%
Sierra Leone
66%
Nauru
65%
Saint Vincent and the Grenadines
65%
Comoros
64%
São Tomé and Príncipe
64%
Grenada
63%
No matching quizzes found
Score Distribution
Percent of People with Each Score
Percentile by Number Answered
Your Score History
You have not taken this quiz